000 01734cam a22004934i 4500
003 PE-LiUPU
005 20250731173348.0
008 150706s2009 xxk rb 000 0 eng d
020 _a9780567031587
035 _a(Sirsi) i9780567031587
040 _aPE-LiUPU
_bspa
_cPE-LiUPU
_erda
049 _aPRUA
082 0 4 _a220.7
_bICC
_221
100 1 _aMcHugh, John F.,
_eautor.
245 1 2 _aA critical and exegetical commentary on John 1-4 /
_cJohn F. McHugh.
264 1 _aLondon :
_bT and T Clark,
_c2009.
300 _a323 páginas ;
_c23 centímetros.
336 _atext
_2rdacontent
337 _aunmediated
_2rdamedia
338 _avolume
_2rdacarrier
490 0 _aThe International Critical Commentary
504 _aIncluye bibliografía.
505 0 _aThe Prologue: John 1:1-18. 9 -- The first Week: John 1:19-2.12 -- A New Jerusalem: John 2:13-4.54.
526 _aSEG42
526 _aSEG41
526 _aSEG40
526 _aSEG39
526 _aP94
526 _aP87
526 _aP86
526 _aP85
526 _aP77
526 _aP76
526 _aP35
541 _g104-9871792-3978609;
630 0 4 _aBiblia.
_pN.T.
_pJuan
_xComentarios.
700 1 _aGraham N. Stanton,
_eed.
910 _agl
_bjv
_clch
_d20100111
942 _2ddc
_cBOOK
949 _a220.7 ICC 43(1-4)
_wDEWEY
_c1
_i60913
_lCCODEBUL1
_mBUL
_p59.00
_r0
_sY
_tBOOK
_u2015-7-6
_xTEOLOGIA
_zUNKNOWN
_0COMPRA
_o.STAFF. Colección Teología
994 _aC0
_bPEPRU
596 _a1
999 _a220.7 ICC 43(1-4)
_wDEWEY
_c50271
_i60913
_d50271
_f2021-11-9
_g5
_lCCODEBUL1
_mBUL
_p59.00
_q4
_r0
_sY
_tBOOK
_u2015-7-6
_xTEOLOGIA
_PP35
_0COMPRA
_o.STAFF. Colección Teología
980 _81
_gALBERTO SANCHEZ Responsable de Automatización